| 000 -LEADER |
| fixed length control field |
00822nam a22001697a 4500 |
| 005 - DATE AND TIME OF LATEST TRANSACTION |
| control field |
20241204144243.0 |
| 008 - FIXED-LENGTH DATA ELEMENTS--GENERAL INFORMATION |
| fixed length control field |
230712b ||||| |||| 00| 0 eng d |
| 040 ## - CATALOGING SOURCE |
| Transcribing agency |
SSBUL |
| 082 ## - DEWEY DECIMAL CLASSIFICATION NUMBER |
| Edition number |
23 |
| Classification number |
၃၂၄.၂၀၉၅၉၁ ပါ |
| Item number |
၁၆၁၁၃ (S-SAT) |
| 245 ## - TITLE STATEMENT |
| Title |
ပါတီဆွေးနွေးပွဲမှတ်စုများ / |
| 260 ## - PUBLICATION, DISTRIBUTION, ETC. |
| Place of publication, distribution, etc. |
ရန်ကုန် ၊ |
| Name of publisher, distributor, etc. |
စာပေဗိမာန်၊ |
| Date of publication, distribution, etc. |
၁၉၆၈။ |
| 300 ## - PHYSICAL DESCRIPTION |
| Extent |
၂၀၃ စာမျက်နှာ၊ |
| Dimensions |
၂၂ စင်တီ။ |
| 500 ## - GENERAL NOTE |
| General note |
S-SAT: Dr. Sai Aung Tun Collection |
| 650 ## - SUBJECT ADDED ENTRY--TOPICAL TERM |
| Topical term or geographic name entry element |
နိုင်ငံရေးပါတီများ |
| Geographic subdivision |
မြန်မာနိုင်ငံ။ |
| 9 (RLIN) |
27802 |
| 651 ## - SUBJECT ADDED ENTRY--GEOGRAPHIC NAME |
| Geographic name |
မြန်မာ့ဆိုရှယ်လစ်လမ်းစဉ်ပါတီ။ |
| 9 (RLIN) |
27839 |
| 942 ## - ADDED ENTRY ELEMENTS (KOHA) |
| Source of classification or shelving scheme |
|
| Koha item type |
Book (Short term) |